EU propose farm reforms (Record no. 71959)

MARC details
000 -LEADER
fixed length control field 00950cam a2200205 4500
001 - CONTROL NUMBER
control field WB3903-12
008 - FIXED-LENGTH DATA ELEMENTS--GENERAL INFORMATION
fixed length control field 030123n2003 000 0 eng u
035 ## - SYSTEM CONTROL NUMBER
System control number (Sirsi) u121099
245 ## - TITLE STATEMENT
Title EU propose farm reforms
260 ## - PUBLICATION, DISTRIBUTION, ETC.
Date of publication, distribution, etc. 2003
490 ## - SERIES STATEMENT
Series statement European Commission Press Release
Volume/sequential designation (IP/03/99) 22 January 2003, (7)
520 ## - SUMMARY, ETC.
Summary, etc. The European Commission has adopted a package of proposals to reform the Common Agricultural Policy (CAP), which aim to give farmers a long-term perspective for sustainable agriculture. Contains details of the proposals, but further information is available from http://www.eupa.eu.int/comm/agriculture/mtr/index_en.htm http://europa.eu.int/rapid/start/cgi/guesten.ksh?p_action.gettxt=gt&doc=IP/03/99 $0
-- APID&lg=EN&display=
590 ## - LOCAL NOTE (RLIN)
Local note WB
650 ## - SUBJECT ADDED ENTRY--TOPICAL TERM
Topical term or geographic name entry element COMMON AGRICULTURAL POLICY
650 ## - SUBJECT ADDED ENTRY--TOPICAL TERM
Topical term or geographic name entry element SUSTAINABLE AGRICULTURE
650 ## - SUBJECT ADDED ENTRY--TOPICAL TERM
Topical term or geographic name entry element AGRICULTURE
650 ## - SUBJECT ADDED ENTRY--TOPICAL TERM
Topical term or geographic name entry element FARMING
690 ## - LOCAL SUBJECT ADDED ENTRY--TOPICAL TERM (OCLC, RLIN)
Topical term or geographic name as entry element Rural
9 (RLIN) 6268
942 ## - ADDED ENTRY ELEMENTS (KOHA)
Suppress in OPAC 0
Holdings
Withdrawn status Lost status Source of classification or shelving scheme Damaged status Not for loan Home library Current library Shelving location Date acquired Total Checkouts Full call number Barcode Date last seen Copy number Price effective from Koha item type
    Dewey Decimal Classification     London London News article 23/01/2003   WB3903-12 121099-1001 06/08/2019 1 06/08/2019 News article